Абляция материалов при импульсном воздействии мощных ионных пучков; Физика и химия обработки материалов; № 5

Bibliographic Details
Parent link:Физика и химия обработки материалов/ Российская академия наук (РАН), Институт металлургии и материаловедения им. А. А. Байкова (ИМЕТ).— , 1968-
№ 5.— 2012.— С. 14-19
Main Author: Струц В. К. Василий Кузьмич
Other Authors: Рябчиков А. И. Александр Ильич, Петров А. В. Александр Васильевич
Summary:Исследована абляция пиролитического графита, аустенитной нержавеющей стали и титанового сплава ВТ-6 при импульсном воздействии мощных ионных пучков с энергией 500 кэВ (плотность энергии W=15 Дж/см2) и 300 кэВ (W=6 Дж/см2). Изучена структура углеродных покрытий, осажденных на Si подложку из абляционной плазмы, и влияние ионного облучения на топографию поверхности и микротвердость стали 316 и сплава ВТ-6
Language:Russian
Published: 2012
Subjects:
Format: MixedMaterials Book Chapter
KOHA link:https://koha.lib.tpu.ru/cgi-bin/koha/opac-detail.pl?biblionumber=506389

MARC

LEADER 00000naa2a2200000 4500
001 506389
005 20231101103216.0
035 |a (RuTPU)RU\TPU\prd\177299 
035 |a RU\TPU\prd\177222 
090 |a 506389 
100 |a 20130514a2012 k y0rusy50 ca 
101 0 |a rus 
102 |a RU 
200 1 |a Абляция материалов при импульсном воздействии мощных ионных пучков  |f В. К. Струц, А. И. Рябчиков, А. В. Петров 
330 |a Исследована абляция пиролитического графита, аустенитной нержавеющей стали и титанового сплава ВТ-6 при импульсном воздействии мощных ионных пучков с энергией 500 кэВ (плотность энергии W=15 Дж/см2) и 300 кэВ (W=6 Дж/см2). Изучена структура углеродных покрытий, осажденных на Si подложку из абляционной плазмы, и влияние ионного облучения на топографию поверхности и микротвердость стали 316 и сплава ВТ-6 
461 1 |0 (RuTPU)RU\TPU\prd\404  |t Физика и химия обработки материалов  |f Российская академия наук (РАН), Институт металлургии и материаловедения им. А. А. Байкова (ИМЕТ)  |d 1968- 
463 1 |0 (RuTPU)RU\TPU\prd\160231  |t № 5  |v С. 14-19  |d 2012 
610 1 |a труды учёных ТПУ 
700 1 |a Струц  |b В. К.  |c специалист в области неразрушающего контроля  |c старший научный сотрудник Томского политехнического университета, кандидат физико-математических наук  |f 1941-  |g Василий Кузьмич  |2 stltpush  |3 (RuTPU)RU\TPU\pers\29379 
701 1 |a Рябчиков  |b А. И.  |c физик  |c профессор Томского политехнического университета, доктор физико-математических наук  |f 1950-  |g Александр Ильич  |2 stltpush  |3 (RuTPU)RU\TPU\pers\22006 
701 1 |a Петров  |b А. В.  |c специалист в области электротехники  |c доцент Томского политехнического университета, кандидат технических наук  |f 1939-  |g Александр Васильевич  |2 stltpush  |3 (RuTPU)RU\TPU\pers\27884 
801 1 |a RU  |b 63413507  |c 20130507 
801 2 |a RU  |b 63413507  |c 20130514  |g RCR 
942 |c BK